000 00325nam a2200169Ia 4500
100 _aObe/Regina/ Hsu/Leo
650 _aSQL
250 _a3
942 _cBK
366 _f20
654 _apostgre
245 _aPostgre SQL up and running
260 _bSPD
_c2018
082 _bOBE
300 _a290
546 _aENGLISH
999 _c22014
_d22014